Comentarios al artículo 32 de la constitución nacional / (Registro nro. 5449)
[ vista simple ]
| 000 -LEADER | |
|---|---|
| fixed length control field | 00974nam a2200229Ia 4500 |
| 003 - CONTROL NUMBER IDENTIFIER | |
| control field | OSt |
| 005 - DATE AND TIME OF LATEST TRANSACTION | |
| control field | 20200612201816.0 |
| 008 - FIXED-LENGTH DATA ELEMENTS--GENERAL INFORMATION | |
| fixed length control field | 191128s1972 ck gr 000 0dspa d |
| 040 ## - CATALOGING SOURCE | |
| Original cataloging agency | CO-JMCR |
| Transcribing agency | CO-JMCR |
| 041 0# - LANGUAGE CODE | |
| Language code of text/sound track or separate title | spa |
| 082 04 - DEWEY DECIMAL CLASSIFICATION NUMBER | |
| Classification number | 330.126 / |
| Item number | C824c |
| Edition number | 23 |
| 100 1# - MAIN ENTRY--PERSONAL NAME | |
| Personal name | Cuellar Lopez, Luis, |
| Relator term | autor |
| 9 (RLIN) | 5566 |
| 245 10 - TITLE STATEMENT | |
| Title | Comentarios al artículo 32 de la constitución nacional / |
| Statement of responsibility, etc. | Luis Cuellar Lopez |
| 260 ## - PUBLICATION, DISTRIBUTION, ETC. | |
| Place of publication, distribution, etc. | Bogotá : |
| Name of publisher, distributor, etc. | [Pontificia Universidad Javeriana], |
| Date of publication, distribution, etc. | 1972. |
| 300 ## - PHYSICAL DESCRIPTION | |
| Extent | 203 páginas ; |
| Dimensions | 24 cm. |
| 504 ## - BIBLIOGRAPHY, ETC. NOTE | |
| Bibliography, etc. note | Bibliografía: páginas 197-200. |
| 505 ## - FORMATTED CONTENTS NOTE | |
| Formatted contents note | Evolución del intervencionismo estatal -- La reforma de 1936 -- Historia de la reforma de 1968 -- La reforma de 1968 -- La planificación su tema central -- Nuevas ideas del artículo 32 de constitución nacional -- Diferencia entre racionalizar y planificar |
| 546 ## - LANGUAGE NOTE | |
| Language note | spa |
| 650 14 - SUBJECT ADDED ENTRY--TOPICAL TERM | |
| Topical term or geographic name entry element | Intervención del estado |
| 9 (RLIN) | 3525 |
| 650 24 - SUBJECT ADDED ENTRY--TOPICAL TERM | |
| Topical term or geographic name entry element | Constitución |
| General subdivision | Derecho económico |
| 9 (RLIN) | 5567 |
| 942 ## - ADDED ENTRY ELEMENTS (KOHA) | |
| Source of classification or shelving scheme | Dewey Decimal Classification |
| Koha item type | Books |
| Withdrawn status | Lost status | Source of classification or shelving scheme | Materials specified (bound volume or other part) | Damaged status | Not for loan | Home library | Current library | Shelving location | Date acquired | Source of acquisition | Cost, normal purchase price | Full call number | Barcode | Date last seen | Copy number | Price effective from | Koha item type |
|---|---|---|---|---|---|---|---|---|---|---|---|---|---|---|---|---|---|
| Dewey Decimal Classification | Donación--15/04/2018-- | Biblioteca Pública José María del Castillo y Rada | Biblioteca Pública José María del Castillo y Rada | General Stacks | 11/28/2019 | Donación | 0.00 | 330.126 / C824c | 201811442 | 05/16/2024 | Ej.1 | 11/28/2019 | Books |